000 00658nam a2200241Ia 4500
003 OSt
005 20220924113035.0
006 a|||||r|||| 00| 0
007 ta
008 220923b |||||||| |||| 00| 0 eng d
024 _a54528
037 _cDictionary
040 _aARTS
_cARTS
_beng
041 _2eng
_aeng
082 _aP111:4k, L0;1 (RR)
100 _aHyamson Albert M
_9169357
245 0 _aDictionary of English phrases
260 _aDetriot
_bGale Research
_c1970
300 _axvi,365p.
_ccm.
650 _aLINGUISTICS
942 _hP111:4k, L0;1 (RR)
_cdic
_2cc
999 _c389055
_d389055